1456 1886 1112 1298 1586 1637 1750 1380 1525 1391 1841 1806 1843 1292 1539 1319 1517 1294 1610 1570 1667 1844 1806 1147 1942 1899 1770 1774 1518 1118 1997 1050 1644 1144 1938 1449 1921 1021 1516 1056 1707 1240 1660 1087 1079 1235 1645 1591 1631 1542 1449 1172 1283 1096 1362 1257 1108 1544 1510 1948 1839 1667 1468 1772 1993 1667 1305 1812 1033 1387 1060 1464 1141 1939 1641 1241 1068 1963 1165 1635 1049 1599 1142 1942 1317 1571 1974 1548 1044 1766 1372 1163 1916 1978 1861 1237 1915 1264 1246 BCNSPRNW ULIB Ver.6.0+V

เปลี่ยนเป็นภาษาไทย

Change to English
 แสดงรายละเอียดบรรณานุกรม
  กลับหน้าหลัก

Brief Record : Get Marc (ISO 2709) : E-mail record : QR code < ปิดหน้าต่าง
LEADER : 00000nam 2200000uu 4500
001    13399120417
003     ULIB
008    120920s2553||||th 000 0 tha d
020    ^a9789746725118
060 04 ^aWB100^bอ585 2553
245 00 ^aอาการวิทยาทางอายุรศาสตร์ /^cบรรณาธิการ, เมตตาภรณ์พรพัฒน์กุล, ขจรศักดิ์ นพคุณ
250    ^aพิมพ์ครั้งที่ 1
260    ^aเชียงใหม่ :^bภาควิชาอายุรศาสตร์ คณะแพทยศาสตร์มหาวิทยาลัยเชียงใหม่,^c2553
300    ^a429 หน้า :^bภาพประกอบ ;^c30 ซม.
650  7 ^aการรักษาโรค
650  7 ^aอายุรศาสตร์^vรวมเรื่อง
650  7 ^aอาการช็อก
650  7 ^aอาการใจสั่น
650  7 ^aอาการเหนื่อย
650  7 ^aการเต้นของหัวใจผิดปกติ
650  7 ^aอาการปวดท้อง
650  7 ^aอาการ^vรวมเรื่อง
700 0  ^aเมตตาภรณ์ พรพัฒน์กุล,^eบรรณาธิการ
700 0  ^aขจรศักดิ์ นพคุณ,^eบรรณาธิการ
710 2  ^aมหาวิทยาลัยเชียงใหม่. ^bคณะแพทยศาสตร์.^bภาควิชาอายุรศาสตร์
945    ^p0^l0^i17866
945    ^p0^l0^i17865
945    ^p0^l0^i17867
995    ^aกัณชพร
999 ^a ใช้งานได้ทุกระบบ
รายการนี้ยังไม่มีแท็ก
คุณยังไม่ได้ล็อกอิน คุณสามารถมีกิจกรรมร่วมกับเว็บไซต์ได้ แต่ต้องล็อกอินก่อน ::
  ล็อกอิน

รายการสื่อสารสนเทศ

ลำดับที่ ประเภท เลขเรียก/บาร์โค้ด สถานที่ สถานะ
1. วิทยาศาสตร์การแพทย์ และสุขภาพ
วิทยาศาสตร์การแพทย์ และสุขภาพ
WB100 อ585 2553  
  Barcode: 17866
ห้องสมุดวิทยาเขตนครสวรรค์
►ส่วนจัดเก็บหนังสือเก่า นว.
บนชั้น
  ขอยืม
2. วิทยาศาสตร์การแพทย์ และสุขภาพ
วิทยาศาสตร์การแพทย์ และสุขภาพ
WB100 อ585 2553 ฉ.2 
  Barcode: 17865
ห้องสมุดวิทยาเขตนครสวรรค์
►ส่วนจัดเก็บหนังสือเก่า นว.
บนชั้น
  ขอยืม
3. วิทยาศาสตร์การแพทย์ และสุขภาพ
วิทยาศาสตร์การแพทย์ และสุขภาพ
WB100 อ585 2553 ฉ.3 
  Barcode: 17867
ห้องสมุดวิทยาเขตนครสวรรค์
►ส่วนจัดเก็บหนังสือเก่า นว.
บนชั้น
  ขอยืม

รายการใกล้เคียง
    หัวเรื่อง [การรักษาโรค]
    หัวเรื่อง [อาการช็อก]
    หัวเรื่อง [อาการใจสั่น]
    หัวเรื่อง [อาการเหนื่อย]
    หัวเรื่อง [การเต้นของหัวใจผิดปกติ]
    หัวเรื่อง [อาการปวดท้อง]

BibComment


ยังไม่เคยถูกคอมเมนท์

คอมเมนท์ทรัพยากรรายการนี้
  คอมเมนท์: อาการวิทยาทางอาย..


 Copyright 2026. Bcnsprnw @Library